00606nam a2200205 a 450000100060000000300090000600800410001504000280005608200130008410000240009724500600012125000060018126000460018730000140023349000390024765000370028665000230032365000350034665000190038111006CO-ViMGA141112s2004 ck r 000 u spa d aCO-ViMGAbspacCO-ViMGA04a324 S15o1 aSánchez D., Ruben10aLa Organización Política y los sistemas de partidos a2 aBogotá, cEditorial Gazeta Ltda, c1996 a70 p. il. aEscuela de liderazgo Democrático14aCOLOMBIA - Política Y GOBIERNO14aFORMAS DE GOBIERNO14aPARTIDOS POLITICOS COLOMBIANOS14aPODER POLITICO